Những mẫu chuyện bang giao trong lịch sử Việt Nam / Tap 1
Gespeichert in:
| 1. Verfasser: | |
|---|---|
| Format: | Buch |
| Sprache: | Vietnamese |
| Veröffentlicht: |
Hà Nội :
Giao duc,
2007.
2007. |
| Schlagworte: | |
| Tags: |
Tag hinzufügen
Keine Tags, Fügen Sie den ersten Tag hinzu!
|
| Thư viện lưu trữ: | Mạng thư viện Đại học Đà Nẵng |
|---|
| LEADER | 00999nam a22003131a 4500 | ||
|---|---|---|---|
| 001 | 000039239 | ||
| 003 | 15534 | ||
| 005 | 20210504172953.0 | ||
| 008 | 160412s2007 000 | ||
| 020 | |c 14200 | ||
| 041 | |a vie | ||
| 082 | |a 959.705 |b NG-L | ||
| 100 | |a Nguyễn Thế Long | ||
| 245 | 0 | |a Những mẫu chuyện bang giao trong lịch sử Việt Nam / |c Nguyễn Thế Long |n Tap 1 | |
| 260 | |c 2007. | ||
| 260 | |a Hà Nội : |b Giao duc, |c 2007. | ||
| 300 | |a 179 tr. | ||
| 653 | |a Văn hóa | ||
| 653 | |a lịch sử Việt Nam | ||
| 653 | |a Lịch sử cận đại | ||
| OWN | |a LNN | ||
| 902 | |a TKV | ||
| AVA | |a UDN50 |b LNN |d 959.705 NG-L |e available |t Error 5001 Not defined in file expand_doc_bib_avail. |f 3 |g 0 |h N |i 0 | ||
| 999 | |a From the UDN01 | ||
| AVA | |a UDN50 |b LNN |d 959.705 NG-L |e available |t Error 5001 Not defined in file expand_doc_bib_avail. |f 3 |g 0 |h N |i 0 | ||
| TYP | |a Monograph | ||
| 980 | |a Mạng thư viện Đại học Đà Nẵng | ||